| 000 | 00542nam a2200169 i 4500 | ||
|---|---|---|---|
| 001 | 57697 | ||
| 003 | ES-MaACL | ||
| 005 | 20230906163626.0 | ||
| 007 | t| | ||
| 008 | 031017s1970 fr ||||1| fre d | ||
| 100 | 1 |
_aDragon, Antoine. _945572 |
|
| 245 | 1 | 0 |
_aTrente robes noires au Saguenay / _cA. Dragon ; texte revue et corrigé per Andrien Pouliot. |
| 260 |
_aSaguenay : _bSociété Historique, _c[1970] |
||
| 300 |
_a397 p., 9 lám., 1 map. pleg. ; _c21 cm. |
||
| 700 | 1 |
_aPouliot, Andrien. _993442 |
|
| 852 |
_aES-MaACL _jC-46413 _bR.76195 |
||
| 999 |
_c57697 _d57697 |
||